Diophantine approximations /
Guardado en:
| Autor Principal: | |
|---|---|
| Autor Corporativo: | |
| Formato: | Libro |
| Idioma: | English |
| Publicado: |
[Brasil :
s.n.,
1965]
|
| Etiquetas: |
Agregar Etiqueta
Sin Etiquetas, Sea el primero en etiquetar este registro!
|
| LEADER | 00572nam a22001575a 4500 | ||
|---|---|---|---|
| 001 | MAT.inmabb001487 | ||
| 008 | 031124s1965####bl############100#0#eng#d | ||
| 005 | 20130320162313.0 | ||
| 245 | 1 | 0 | |a Diophantine approximations / |c Serge Lang. |
| 260 | |a [Brasil : |b s.n., |c 1965] | ||
| 300 | |a iii, 31 h. ; |c 27 cm. | ||
| 500 | |a 5to Colóquio Brasileiro de Matemática. Poços de Caldas, julho de 1965. | ||
| 100 | 1 | |a Lang, Serge, |d 1927-2005. | |
| 711 | 2 | |a Colóquio Brasileiro de Matemática |n (5º : |d 1965 : |c Poços de Caldas) | |
| 084 | |a 11Jxx |2 msc2000 | ||
| 859 | |h 11 |i L269d |p A-1489 |b BIB. MATEMATICA | ||
